000 00626nam a2200169 a 4500
001 000042167
005 20201002040000.0
008 131118s2013 dr 000 0 spa d
040 _aDO-SdBNP
_bspa
_cBNPHU
100 1 _aEspinal Luna, Robert Enmanuel
_969172
245 1 0 _aDuarte como es /
_cRobert Enmanuel Espinal Luna.
260 _aSantiago de los Caballeros, República Dominicana :
_bWikiprint,
_c2013.
300 _a186 p. ;
_c23 cm.
500 _aIncluye datos biográficos del autor en la solapa
504 _aIncluye referencias bibliográficas y notas al pie de las páginas
504 _aBibliografía : p. 179 -184
999 _c41656
_d41656